| 000 | 00893nam a22002297a 4500 | ||
|---|---|---|---|
| 999 |
_c17615 _d17615 |
||
| 003 | AR-CdUCM | ||
| 008 | 190509b ||||| |||| 00| 0 spa d | ||
| 040 |
_aMUNICIPALIDAD PROVINCIAL DEL CUSCO _cBIBLIOTECA MUNICIPAL DEL CUSCO |
||
| 041 | _heng | ||
| 082 |
_a352.073 / _bB61 |
||
| 100 |
_aBlair, George S. _937737 |
||
| 245 | _aEl gobierno local en los Estados Unidos / | ||
| 260 |
_aBuenos Aires : _bBibliográfica Omega, _c1966. |
||
| 300 |
_a610 páginas ; _c21 cm. |
||
| 505 | _aContenido: Establecimientos del gobierno local -- Los ciudadanos y la política -- La estructura del gobierno local -- Procesos del gobierno local -- Finanzas locales ... | ||
| 650 |
_aAdministración Pública Municipal _937738 |
||
| 650 |
_aEstados Unidos _91805 |
||
| 650 |
_aGobierno _92618 |
||
| 700 |
_aPellegrino, Laura E. (traducción) _937739 |
||
| 942 |
_2ddc _cLIBROS |
||
| 945 |
_aachl _d2019-05-09 |
||